[Event "Titled Tuesday intern op 20th Aug Late"]
[Site "Chess.com INT"]
[Date "2024.08.20"]
[Round "2"]
[White "Trakru, Rohun"]
[Black "Van Foreest, Machteld"]
[Result "1-0"]
[WhiteElo "1970"]
[BlackElo "2243"]
[PlyCount "145"]
[EventDate "2024.08.20"]
[EventType "swiss (blitz)"]
[EventRounds "11"]
[EventCountry "USA"]
[SourceTitle "EXT 2025"]
[Source "ChessBase"]
[SourceDate "2024.10.14"]
[SourceVersion "1"]
[SourceVersionDate "2024.10.14"]
[SourceQuality "1"]

1. e4 c5 2. Nc3 e6 3. Nge2 d5 4. exd5 exd5 5. d4 Nf6 6. Be3 Nc6 7. dxc5 Qa5 8. a3 Bf5 9. b4 Qc7 10. Nd4 Nxd4 11. Bxd4 Be7 12. Bb5+ Bd7 13. 0-0 Bxb5 14. Nxb5 Qd7 15. Bxf6 Bxf6 16. Nd6+ Kd8 17. Rb1 d4 18. c3 Be5 19. Nc4 f6 20. f4 Bc7 21. cxd4 Re8 22. d5 Re4 23. Qd3 Rxf4 24. d6 Rxf1+ 25. Rxf1 Bb8 26. Qxh7 Qf7 27. Ne5 Qe6 28. Ng6 Qf7 29. Ne7 b6 30. Nf5 bxc5 31. bxc5 a5 32. Qxg7 Qxg7 33. Nxg7 Ba7 34. Rf5 Rc8 35. Kf1 Kd7 36. Rxf6 Bxc5 37. Rf7+ Kxd6 38. a4 Rb8 39. Rf6+ Ke7 40. Ra6 Rb1+ 41. Ke2 Rb2+ 42. Kf3 Rf2+ 43. Kg3 Kf7 44. Rxa5 Bb6 45. Rb5 Rf6 46. Nh5 Rg6+ 47. Kh3 Bc7 48. g3 Rh6 49. Kg2 Kg6 50. Nf4+ Bxf4 51. gxf4 Rh4 52. Kg3 Rh8 53. h4 Ra8 54. Kg4 Rxa4 55. Rb6+ Kg7 56. h5 Ra5 57. f5 Ra1 58. h6+ Kh7 59. Kg5 Rg1+ 60. Kf6 Kxh6 61. Rb8 Kh7 62. Kf7 Rg7+ 63. Ke6 Rg1 64. f6 Re1+ 65. Kf7 Re5 66. Rb2 Kh6 67. Rg2 Rb5 68. Rh2+ Kg5 69. Kg7 Rb7+ 70. f7 Kf5 71. Rf2+ Kg5 72. Kg8 Kg4 73. f8Q 1-0

[Event "Dutch op"]
[Site "Velp"]
[Date "2024.07.31"]
[Round "8"]
[White "Van Foreest, Machteld"]
[Black "Kurt, Sascha"]
[Result "1-0"]
[WhiteElo "2272"]
[BlackElo "2071"]
[PlyCount "55"]
[EventDate "2024.07.23"]
[EventType "swiss"]
[EventRounds "9"]
[EventCountry "NED"]
[SourceTitle "EXT 2025"]
[Source "ChessBase"]
[SourceDate "2024.10.14"]
[SourceVersion "1"]
[SourceVersionDate "2024.10.14"]
[SourceQuality "1"]

1. e4 c5 2. Nf3 d6 3. Nc3 a6 4. g3 g6 5. Bg2 b5 6. d4 Bg7 7. dxc5 dxc5 8. Qxd8+ Kxd8 9. Be3 Bxc3+ 10. bxc3 Nd7 11. Ng5 Ke8 12. e5 Ra7 13. 0-0-0 h6 14. Ne4 Rc7 15. f4 f5 16. Nf2 Nf8 17. Nd3 Ne6 18. Bd5 c4 19. Nb4 Nc5 20. e6 Na4 21. Bd4 Nf6 22. Be5 Rc5 23. Bc6+ Kf8 24. Rd8+ Kg7 25. Bxf6+ Kxf6 26. Rxh8 Bxe6 27. Bf3 a5 28. Na6 1-0

[Event "Dutch op"]
[Site "Velp"]
[Date "2024.07.30"]
[Round "7"]
[White "Aravindhan, Achyuth"]
[Black "Van Foreest, Machteld"]
[Result "0-1"]
[WhiteElo "2094"]
[BlackElo "2272"]
[PlyCount "70"]
[EventDate "2024.07.23"]
[EventType "swiss"]
[EventRounds "9"]
[EventCountry "NED"]
[SourceTitle "EXT 2025"]
[Source "ChessBase"]
[SourceDate "2024.10.14"]
[SourceVersion "1"]
[SourceVersionDate "2024.10.14"]
[SourceQuality "1"]

1. e4 e5 2. Nf3 Nc6 3. Bc4 Bc5 4. c3 Nf6 5. d4 exd4 6. e5 d5 7. Bb5 Ne4 8. cxd4 Bb6 9. Nc3 Bg4 10. Be3 0-0 11. h3 Bh5 12. Qc2 Nb4 13. Qb3 Ba5 14. a3 Nc6 15. Qc2 f5 16. Rd1 Kh8 17. b4 Bb6 18. Ne2 Be8 19. Ba4 Qe7 20. Bb3 Rd8 21. h4 a5 22. b5 a4 23. Bxa4 Na5 24. Ng5 Nc4 25. Bc1 Ra8 26. Nxe4 fxe4 27. Bb3 Bxb5 28. Bxc4 Bxc4 29. Rh3 Qf7 30. Nc3 Bb3 31. Qe2 Bxd1 32. Nxd1 Bxd4 33. Rb3 c5 34. f4 exf3 35. Rxf3 Qe7 0-1

[Event "Titled Tuesday intern op 30th Jul Late"]
[Site "Chess.com INT"]
[Date "2024.07.30"]
[Round "8"]
[White "Novikov, Evgenij"]
[Black "Van Foreest, Machteld"]
[Result "1-0"]
[WhiteElo "2276"]
[BlackElo "2272"]
[PlyCount "103"]
[EventDate "2024.07.30"]
[EventType "swiss (blitz)"]
[EventRounds "11"]
[EventCountry "USA"]
[SourceTitle "EXT 2025"]
[Source "ChessBase"]
[SourceDate "2024.10.14"]
[SourceVersion "1"]
[SourceVersionDate "2024.10.14"]
[SourceQuality "1"]

1. e4 g6 2. d4 Bg7 3. Be3 d6 4. c3 Nf6 5. Bd3 e5 6. d5 c6 7. c4 0-0 8. f3 b5 9. Nc3 bxc4 10. Bxc4 Ba6 11. Bxa6 Nxa6 12. dxc6 Nb4 13. Nge2 d5 14. Bc5 Qa5 15. Bxf8 Bxf8 16. exd5 Nbxd5 17. 0-0 Ne3 18. Qa4 Qb6 19. Kh1 Nxf1 20. Rxf1 Rc8 21. Ne4 Rxc6 22. N2c3 Nxe4 23. fxe4 Rf6 24. Rxf6 Qxf6 25. Qd1 Bc5 26. Nd5 Qf2 27. b4 Bd4 28. a4 h5 29. a5 h4 30. h3 Qb2 31. Qe1 g5 32. Ne7+ Kf8 33. Nf5 Bc3 34. Qd1 Qd2 35. Qg1 Bxb4 36. Qxa7 Qc1+ 37. Kh2 Qf4+ 38. Kg1 Kg8 39. Qb8+ Bf8 40. Qb1 Bc5+ 41. Kh1 Qf2 42. a6 Kh7 43. Qd1 Kg8 44. Qd8+ Kh7 45. Qd1 Kg8 46. Qa1 Kh7 47. Qc1 Ba7 48. Qb1 Kg8 49. Qd1 Bb6 50. Nh6+ Kg7 51. Ng4 Kg8 52. Nxf2 1-0

[Event "Cambrai"]
[Site "Cambrai"]
[Date "2024.07.01"]
[Round "5"]
[White "Dobrikov, Marco"]
[Black "Van Foreest, Machteld"]
[Result "1/2-1/2"]
[WhiteElo "2359"]
[BlackElo "2312"]
[PlyCount "38"]
[EventDate "2024.06.02"]
[EventType "tourn"]
[EventRounds "9"]
[EventCountry "FRA"]
[EventCategory "4"]
[SourceTitle "CBM 221 Extra"]
[Source "ChessBase"]
[SourceDate "2024.09.30"]
[SourceVersion "1"]
[SourceVersionDate "2024.09.30"]
[SourceQuality "1"]

1. e4 e5 2. Nf3 Nc6 3. Bc4 Bc5 4. 0-0 Nf6 5. d3 d6 6. c3 0-0 7. Nbd2 a6 8. Bb3 Ba7 9. h3 h6 10. Re1 Re8 11. Nf1 Be6 12. Ng3 d5 13. Qe2 Qd7 14. Nh4 dxe4 15. Bxe6 Rxe6 16. dxe4 Rd8 17. Be3 Bxe3 18. Qxe3 Qd2 19. Nhf5 Qxe3 1/2-1/2